000 00787nam a2200217Ia 4500
005 20230509102703.0
008 210716s2010 xx 000 0 und d
020 _a9788184049299
040 _cAIMIT LIBRARY
041 _aeng
082 _a004.607
_21
_bPORT
100 _aPorst, Tracey.
_9100352
245 _aJoomla 1.5 content administration:
_bkeep your website up to date and maintain content and users with ease /
_cBy Tracey Porst.
250 _a1st ed.
260 _aNew Delhi :
_bShroff Publishers and Distributors Pvt Ltd ,
_c2010.
300 _avi, 196p. ;
_bPB
_c22 cm.
650 _aCreating editing and organizing content
_9100353
650 _aManaging images videos
_9100354
650 _aMenus modules and components
_9100355
942 _2ddc
_cBK
_e1st
_k004.607 PORT
999 _c194827
_d194827